Matematika zbierka úloh z matematiky na prijímacie skúšky - učiteľstvo 1. stupňa základnej školy pre školský rok 2001-2002

Bibliographic Details
Main Authors: Šedivý, Ondrej, 1935- (Author), Beka, Ján, 1949- (Author), Čeretková, Soňa, 1960- (Author), Markechová, Dagmar, 1956- (Author), Šúňová, Mária (Author), Bukor, Jozef (Author)
Format: Book
Language:Slovak
PhysicalDescription:139 s. sch. 21 cm
Published: Nitra Univerzita Konštantína Filozofa 2001
ISBN:8080504016
Series:Prírodovedec
Subjects:

MARC

LEADER 00000cam a2200000 a 4500
001 vtls001417613
003 SK-MaSNL
005 20260301012703.0
008 251029s2001 xo fr 100 0 slo
015 |a SNBA2001/09-03298 
020 |a 8080504016 
035 |a SNK000372398 
035 |a urn:nbn:sk:snk-amk2t7 
035 |a urn:nbn:sk:snk-am0083is 
035 |a 9D53309C-C659-4186-B5BB-329A72DD193A 
040 |a SNK  |b slo  |c SNK  |e AACR2 
041 0 |a slo 
044 |a xo  |c SK 
080 |a 51(079.1)  |2 1981 
245 0 0 |a Matematika  |b zbierka úloh z matematiky na prijímacie skúšky - učiteľstvo 1. stupňa základnej školy pre školský rok 2001-2002  |c O. Šedivý ... [et al.] 
260 |a Nitra  |b Univerzita Konštantína Filozofa  |c 2001 
300 |a 139 s.  |b sch.  |c 21 cm 
490 1 |a Prírodovedec  |v č. 70 
650 0 7 |a matematika  |x skúšky prijímacie  |x Univerzita Konštantína Filozofa (Nitra, Slovensko). Fakulta pírodných vied  |y šk. r. 2000/2001  |x zbierky úloh  |2 SNK  |9 298125 
655 7 |a zborníky konferencií  |2 SNKPH  |9 70153 
655 7 |a príručky  |2 SNK  |9 74364 
700 1 |a Šedivý, Ondrej,  |d 1935-  |4 aut  |9 215415 
700 1 |a Beka, Ján,  |d 1949-  |4 aut  |9 39245 
700 1 |a Čeretková, Soňa,  |d 1960-  |4 aut  |9 247825 
700 1 |a Markechová, Dagmar,  |d 1956-  |4 aut  |9 247875 
700 1 |a Šúňová, Mária  |4 aut  |9 39341 
700 1 |a Bukor, Jozef  |4 aut  |9 11654 
830 0 |a Prírodovedec  |9 266401 
919 |a 80-8050-401-6 
958 |a TL 
999 |c 554149  |d 556079 
952 |t P60, <03>, [BOOK], {603}  |a SNK  |b SNK  |y PREZ  |7 0  |p 17A0308948  |o snkSC 105522  |i snkKSP 8918/2001  |0 0  |1 0  |4 0  |d 2001-07-31  |f 1  |l 0  |r 2025-09-26 00:00:00  |w 2026-02-23 
952 |t P60, <04>, [BOOK], {604}  |a SNK  |b SNK  |y VYP  |7 0  |p 17A0308949  |o snkSC 105522 D1  |i snkKSP 8919/2001  |0 0  |1 0  |4 0  |d 2001-07-31  |l 0  |r 2005-01-02 00:00:00  |w 2026-02-23